[Event "SVK-chT4 A22 1819"]
[Site "Slovakia"]
[Date "2018.10.28"]
[Round "2.2"]
[White "Cmarada, Juraj"]
[Black "Bango, Dominik"]
[Result "0-1"]
[WhiteElo "1794"]
[BlackElo "1839"]
[PlyCount "68"]
[EventDate "2018.10.14"]
[EventType "team-tourn"]
[EventRounds "11"]
[EventCountry "SVK"]
[SourceTitle "EXT 2020"]
[Source "ChessBase"]
[SourceDate "2019.10.17"]
[SourceVersion "1"]
[SourceVersionDate "2019.10.17"]
[SourceQuality "1"]

1. e4 e5 2. Nf3 Nc6 3. Bb5 Nf6 4. 0-0 Be7 5. Re1 d6 6. c3 0-0 7. h3 a6 8. Ba4 b5 9. Bb3 Na5 10. Bc2 c5 11. d4 exd4 12. cxd4 Bb7 13. b3 Qc7 14. Bb2 c4 15. d5 b4 16. bxc4 Nxc4 17. Bd4 a5 18. Nbd2 Ne5 19. Rc1 Qb8 20. Nf1 Rc8 21. Ne3 Ba6 22. Nf5 Bf8 23. Nh2 g6 24. Ne3 Bg7 25. f4 Nc4 26. Nxc4 Bxc4 27. Bb1 a4 28. g4 b3 29. axb3 Bxb3 30. Qd2 Rc4 31. Rxc4 Bxc4 32. Qc3 Qb3 33. g5 Nxe4 34. Bxe4 Bxd4+ 0-1

[Event "Banska Stiavnica V4 op"]
[Site "Banska Stiavnica"]
[Date "2018.07.09"]
[Round "3"]
[White "Bango, Dominik"]
[Black "Pniaczek, Marek"]
[Result "0-1"]
[WhiteElo "1835"]
[BlackElo "2082"]
[PlyCount "98"]
[EventDate "2018.07.07"]
[EventType "swiss"]
[EventRounds "9"]
[EventCountry "SVK"]
[SourceTitle "CBM 185 Extra"]
[Source "ChessBase"]
[SourceDate "2018.07.29"]
[SourceVersion "1"]
[SourceVersionDate "2018.07.29"]
[SourceQuality "1"]

1. e4 c5 2. Nc3 d6 3. g3 Nc6 4. Bg2 g6 5. f4 Bg7 6. Nf3 e6 7. 0-0 Nge7 8. d3 0-0 9. Qe2 b6 10. Kh1 Bb7 11. h3 Qd7 12. g4 f5 13. Nd1 e5 14. fxe5 fxg4 15. hxg4 Nxe5 16. Nxe5 Rxf1+ 17. Qxf1 Bxe5 18. Qe2 Re8 19. Bh6 d5 20. Nc3 d4 21. Nb1 Nc6 22. Nd2 Qe7 23. Nf3 Bg3 24. Bh3 Bc8 25. Kg2 Bc7 26. Rf1 Qd6 27. Qf2 g5 28. Nxg5 Qh2+ 29. Kf3 Ne5+ 30. Ke2 Bxg4+ 31. Bxg4 Nxg4 32. Qxh2 Bxh2 33. Rf7 Nxh6 34. Rxh7 Bf4 35. Rxh6 Kg7 36. Ne6+ Kxh6 37. Nxf4 Kg5 38. Nd5 Rh8 39. b3 Rh2+ 40. Kd1 Kg4 41. Kc1 Kf3 42. a4 Ke2 43. Nf4+ Ke1 44. Nd5 Rh1 45. Nf4 Rf1 46. Ng6 Ke2+ 47. Kb2 Kd1 48. e5 Re1 49. Kb1 Re2 0-1

[Event "SVK-chT U20 final"]
[Site "Trnava"]
[Date "2018.05.06"]
[Round "5.3"]
[White "Kardis, Benjamin"]
[Black "Bango, Dominik"]
[Result "0-1"]
[WhiteElo "1839"]
[BlackElo "1791"]
[PlyCount "74"]
[EventDate "2018.05.04"]
[EventType "team-tourn"]
[EventRounds "5"]
[EventCountry "SVK"]
[SourceTitle "EXT 2019"]
[Source "ChessBase"]
[SourceDate "2018.10.10"]
[SourceVersion "1"]
[SourceVersionDate "2018.10.10"]
[SourceQuality "1"]
[WhiteTeam "Presov Slavia"]
[BlackTeam "Modranka Komplet"]
[WhiteTeamCountry "SVK"]
[BlackTeamCountry "SVK"]

1. e4 e5 2. f4 d6 3. Nf3 Bg4 4. Bc4 Nf6 5. fxe5 dxe5 6. Bxf7+ Kxf7 7. Nxe5+ Ke8 8. Nxg4 Nc6 9. d3 Be7 10. Be3 Qd7 11. Nxf6+ Bxf6 12. Nc3 Rf8 13. 0-0 Bd4 14. Rxf8+ Kxf8 15. Bxd4 Qxd4+ 16. Kh1 Kg8 17. Qh5 Rf8 18. Qd5+ Qxd5 19. Nxd5 Rf2 20. Rc1 Nd4 21. c3 Ne2 22. Re1 c6 23. Ne3 Nf4 24. g3 Nxd3 25. Rd1 Ne5 26. Rf1 Rxb2 27. Nf5 g6 28. Nd6 Ng4 29. h4 Rxa2 30. Kg1 Rd2 31. Nxb7 Rd3 32. Rc1 Rxg3+ 33. Kf1 Re3 34. Nd6 Nf6 35. Nc8 Rxe4 36. Nxa7 Rxh4 37. Kg2 Rc4 0-1

[Event "SVK-chT U20 final"]
[Site "Trnava"]
[Date "2018.05.05"]
[Round "3.3"]
[White "Vadila, Ondrej"]
[Black "Bango, Dominik"]
[Result "0-1"]
[WhiteElo "2082"]
[BlackElo "1791"]
[PlyCount "120"]
[EventDate "2018.05.04"]
[EventType "team-tourn"]
[EventRounds "5"]
[EventCountry "SVK"]
[SourceTitle "EXT 2019"]
[Source "ChessBase"]
[SourceDate "2018.10.10"]
[SourceVersion "1"]
[SourceVersionDate "2018.10.10"]
[SourceQuality "1"]
[WhiteTeam "Bratislava Slovan"]
[BlackTeam "Modranka Komplet"]
[WhiteTeamCountry "SVK"]
[BlackTeamCountry "SVK"]

1. d4 d5 2. Bf4 e6 3. e3 Bd6 4. Bg3 Nf6 5. Nd2 0-0 6. Bd3 b6 7. c3 c5 8. Ngf3 Ba6 9. Bxa6 Nxa6 10. Qe2 Nb8 11. e4 Be7 12. 0-0 Nc6 13. Ne5 Nxe5 14. dxe5 Nxe4 15. Nxe4 dxe4 16. Qxe4 Qd5 17. Qg4 Rfd8 18. f4 Qe4 19. Rae1 Qg6 20. Qf3 Qd3 21. Re3 Qd5 22. Qg4 Qxa2 23. f5 exf5 24. Qxf5 Qe6 25. Qc2 Bg5 26. Ref3 Rd2 27. Qa4 Rf8 28. Qxa7 Rxb2 29. h4 Bd8 30. Qb7 Rd2 31. Qe4 Rd7 32. Rf5 g6 33. R5f3 f5 34. Qe3 Bc7 35. h5 gxh5 36. Re1 Bd8 37. Bf4 Rg7 38. Bh6 f4 39. Rxf4 Rxf4 40. Qxf4 Rf7 41. Qg3+ Qg6 42. Qe3 Bh4 43. Rf1 Rxf1+ 44. Kxf1 Qb1+ 45. Qc1 Qxc1+ 46. Bxc1 Kf7 47. Ke2 Ke6 48. Bf4 Kd5 49. Kd3 b5 50. Ke3 Be1 51. Kd3 c4+ 52. Kc2 Bh4 53. Kb2 Ke4 54. Bh2 Be7 55. Kc2 Ke3 56. Bg1+ Ke2 57. Bd4 Kf1 58. Kd2 Kxg2 59. Ke3 h4 60. e6 h3 0-1

[Event "SVK-chT4 A22 1718"]
[Site "Slovakia"]
[Date "2017.12.10"]
[Round "6.2"]
[White "Bango, Dominik"]
[Black "Uvacek, Radovan"]
[Result "1-0"]
[WhiteElo "1779"]
[BlackElo "1784"]
[PlyCount "43"]
[EventDate "2017.10.01"]
[EventType "team-tourn"]
[EventRounds "11"]
[EventCountry "SVK"]
[SourceTitle "EXT 2020"]
[Source "ChessBase"]
[SourceDate "2019.10.17"]
[SourceVersion "1"]
[SourceVersionDate "2019.10.17"]
[SourceQuality "1"]

1. e4 e5 2. Nf3 Nc6 3. Bb5 a6 4. Ba4 d6 5. d4 Bd7 6. 0-0 exd4 7. Nxd4 Nxd4 8. Bxd7+ Kxd7 9. Qxd4 Qf6 10. Qd3 Rd8 11. Nc3 Kc8 12. Nd5 Qe6 13. Be3 Ne7 14. c4 Nc6 15. f3 Be7 16. b4 Kd7 17. b5 axb5 18. cxb5 Ne5 19. Qc3 Rc8 20. Rac1 Rhd8 21. Qa5 b6 22. Qa7 1-0

[Event "SVK-chT3A2 1718"]
[Site "Slovakia"]
[Date "2017.11.05"]
[Round "3.1"]
[White "Bango, Dominik"]
[Black "Vogl, Zdenek"]
[Result "1-0"]
[WhiteElo "1779"]
[BlackElo "1951"]
[PlyCount "131"]
[EventDate "2017.10.08"]
[EventType "team-tourn"]
[EventRounds "11"]
[EventCountry "SVK"]
[SourceTitle "EXT 2020"]
[Source "ChessBase"]
[SourceDate "2019.10.17"]
[SourceVersion "1"]
[SourceVersionDate "2019.10.17"]
[SourceQuality "1"]
[WhiteTeam "Modranka Komplet"]
[BlackTeam "Skalica"]
[WhiteTeamCountry "SVK"]
[BlackTeamCountry "SVK"]

1. e4 e5 2. Nf3 Nc6 3. Bb5 a6 4. Ba4 b5 5. Bb3 Be7 6. c3 Nf6 7. Bc2 d6 8. 0-0 Bg4 9. h3 Bh5 10. g4 Bg6 11. Re1 Qd7 12. d4 h5 13. Nh2 hxg4 14. hxg4 0-0-0 15. d5 Na7 16. Be3 c5 17. f3 Rh4 18. Re2 Rdh8 19. Rg2 Nh7 20. Qe2 Ng5 21. Bxg5 Bxg5 22. Nd2 Bf4 23. Ndf1 Kb7 24. a4 Qc7 25. b4 cxb4 26. axb5 Qc5+ 27. Kh1 Nxb5 28. cxb4 Qb6 29. Bd3 f6 30. Bxb5 Qxb5 31. Qxb5+ axb5 32. Rga2 Rb8 33. Ra7+ Kc8 34. Rxg7 Be8 35. Ra6 Rh8 36. Rga7 Rb7 37. Rxb7 Kxb7 38. Rxd6 Bg5 39. Kg2 Kc7 40. Ra6 Kb7 41. Ra2 Bd7 42. Ng3 Rc8 43. Ne2 Rc4 44. Rb2 Bh6 45. Nf1 Bf8 46. Ne3 Rxb4 47. Rc2 Kb6 48. Kf2 Bc5 49. Nc1 Ra4 50. Nd3 Bxe3+ 51. Kxe3 b4 52. Ke2 b3 53. Rb2 Ra2 54. Kd1 Ba4 55. Kc1 Ra1+ 56. Rb1 Ra2 57. Nb2 Bb5 58. Kd2 Ka5 59. Kc3 Ra3 60. Nc4+ Bxc4 61. Kxc4 b2 62. Rxb2 Rxf3 63. d6 Rf4 64. Kc5 Ka4 65. Rb4+ Ka3 66. d7 1-0

[Event "SVK-chT3A2 1718"]
[Site "Slovakia"]
[Date "2017.10.22"]
[Round "2.6"]
[White "Bango, Dominik"]
[Black "Rachela, Jozef"]
[Result "0-1"]
[WhiteElo "1779"]
[BlackElo "2034"]
[PlyCount "90"]
[EventDate "2017.10.08"]
[EventType "team-tourn"]
[EventRounds "11"]
[EventCountry "SVK"]
[SourceTitle "EXT 2020"]
[Source "ChessBase"]
[SourceDate "2019.10.17"]
[SourceVersion "1"]
[SourceVersionDate "2019.10.17"]
[SourceQuality "1"]
[WhiteTeam "Modranka Komplet"]
[BlackTeam "Dunajska Streda II"]
[WhiteTeamCountry "SVK"]
[BlackTeamCountry "SVK"]

1. e4 e5 2. Nf3 Nc6 3. Bb5 a6 4. Ba4 Nf6 5. d3 b5 6. Bb3 d6 7. Be3 Be7 8. 0-0 Na5 9. Re1 0-0 10. Nbd2 c5 11. c3 Nxb3 12. axb3 Qc7 13. h3 h6 14. Qe2 Bb7 15. Nf1 d5 16. exd5 Nxd5 17. Ng3 f5 18. Bd2 Bd6 19. Nxe5 Rae8 20. d4 cxd4 21. cxd4 Qc2 22. Bc3 Qxb3 23. Qd1 Qxd1 24. Raxd1 Nf4 25. f3 Rc8 26. Ne2 Nd5 27. Rc1 Rfe8 28. Ng3 g6 29. Nf1 Kg7 30. Kf2 f4 31. Nd3 Kf7 32. Bd2 g5 33. Nc5 Bxc5 34. dxc5 Rxe1 35. Bxe1 Ne7 36. Nd2 Rd8 37. Nb3 Rd5 38. Na5 Bc6 39. b4 Rd3 40. Ra1 Bd5 41. Rc1 Ke6 42. Rc3 Rd1 43. Nb3 Nc6 44. Nc1 Bc4 45. Rc2 Nxb4 0-1

[Event "Banska Stiavnica V4 op"]
[Site "Banska Stiavnica"]
[Date "2017.07.08"]
[Round "1"]
[White "Brhel, Jan"]
[Black "Bango, Dominik"]
[Result "1-0"]
[WhiteElo "2105"]
[BlackElo "1797"]
[PlyCount "45"]
[EventDate "2017.07.08"]
[EventType "swiss"]
[EventRounds "9"]
[EventCountry "SVK"]
[SourceTitle "CBM 179 Extra"]
[Source "ChessBase"]
[SourceDate "2017.08.23"]
[SourceVersion "1"]
[SourceVersionDate "2017.08.23"]
[SourceQuality "1"]

1. d4 d5 2. c4 e6 3. Nc3 Nf6 4. cxd5 exd5 5. Bg5 Be7 6. e3 Bf5 7. Bxf6 Bxf6 8. Qb3 c6 9. Qxb7 Qb6 10. Qxb6 axb6 11. g3 0-0 12. Rc1 Ra7 13. Bg2 Re8 14. Nge2 Rc8 15. a3 Be7 16. 0-0 Nd7 17. Nxd5 Bd8 18. e4 Be6 19. Nb4 c5 20. d5 Bg4 21. f3 Bh5 22. Nc6 Ra6 23. Bh3 1-0

[Event "SVK-chT3A2 1617"]
[Site "Slovakia"]
[Date "2017.02.19"]
[Round "9.5"]
[White "Bango, Dominik"]
[Black "Sarkozi, Szabolcs"]
[Result "0-1"]
[WhiteElo "1769"]
[BlackElo "1537"]
[PlyCount "72"]
[EventDate "2016.10.16"]
[EventType "team-tourn"]
[EventRounds "11"]
[EventCountry "SVK"]
[SourceTitle "EXT 2020"]
[Source "ChessBase"]
[SourceDate "2019.10.17"]
[SourceVersion "1"]
[SourceVersionDate "2019.10.17"]
[SourceQuality "1"]
[WhiteTeam "Modranka Komplet"]
[BlackTeam "Potonska Veza II"]
[WhiteTeamCountry "SVK"]
[BlackTeamCountry "SVK"]

1. e4 c5 2. Nf3 e6 3. d4 cxd4 4. Nxd4 Nf6 5. Nc3 Nc6 6. Be3 Bb4 7. f3 Qa5 8. Qd2 Nxd4 9. Bxd4 e5 10. Bf2 0-0 11. Bc4 Rd8 12. 0-0 d6 13. Rad1 Be6 14. Bb3 Rac8 15. Qe3 Bxc3 16. bxc3 b6 17. Rd3 Ne8 18. Rfd1 Rc6 19. Bh4 Rd7 20. Be1 Rdc7 21. Qd2 b5 22. Qe3 Bc4 23. R3d2 Rc8 24. Rf2 Qc7 25. f4 Nf6 26. Qf3 a5 27. a4 Bxb3 28. axb5 Bxc2 29. Rxc2 Qb6+ 30. Kh1 Qxb5 31. Bg3 exf4 32. Bxf4 Qa4 33. Rcd2 Rxc3 34. Rd3 Rxd3 35. Qxd3 Nxe4 36. Qe2 Qxd1+ 0-1

[Event "SVK-chT4 A22 1617"]
[Site "Slovakia"]
[Date "2016.12.04"]
[Round "5.1"]
[White "Bango, Dominik"]
[Black "Matis, Tibor"]
[Result "1/2-1/2"]
[WhiteElo "1746"]
[BlackElo "1719"]
[PlyCount "121"]
[EventDate "2016.10.09"]
[EventType "team-tourn"]
[EventRounds "11"]
[EventCountry "SVK"]
[SourceTitle "EXT 2020"]
[Source "ChessBase"]
[SourceDate "2019.10.17"]
[SourceVersion "1"]
[SourceVersionDate "2019.10.17"]
[SourceQuality "1"]

1. e4 c5 2. Nf3 Nc6 3. d4 cxd4 4. Nxd4 e6 5. Nc3 a6 6. Be3 Bb4 7. Qd2 Nge7 8. a3 Qa5 9. Bd3 Bxc3 10. Qxc3 Qxc3+ 11. bxc3 0-0 12. 0-0 d5 13. exd5 Nxd5 14. Bd2 Bd7 15. Rab1 Rab8 16. Nb3 e5 17. Nc5 Bc8 18. Be4 Nde7 19. Rb6 Rd8 20. Be3 Rd6 21. f4 f6 22. fxe5 fxe5 23. Bg5 Nd5 24. Bxd5+ Rxd5 25. Nxa6 bxa6 26. Rxc6 Bd7 27. Rxa6 Rc5 28. Rf3 e4 29. Be7 Rd5 30. Rf1 Bb5 31. Rb1 Bxa6 32. Rxb8+ Kf7 33. Rd8 Rxd8 34. Bxd8 Ke6 35. Kf2 Kd5 36. Ke3 Bf1 37. g3 Bh3 38. a4 Bd7 39. a5 Bc8 40. Bb6 Bb7 41. Bd4 g6 42. Kd2 Kc4 43. Bb6 h5 44. Bd4 Bc6 45. a6 Kb5 46. a7 Kc4 47. Ke3 Kd5 48. Kf4 Ke6 49. c4 Bb7 50. c3 Bc6 51. h3 Bb7 52. g4 hxg4 53. hxg4 Bc6 54. Bh8 Bb7 55. Ke3 Kd6 56. Kd4 Ba8 57. Be5+ Ke6 58. Bf4 Bb7 59. Kc5 Kd7 60. Kb5 Bc6+ 61. Kb6 1/2-1/2

[Event "SVK-chT4 A22 1617"]
[Site "Slovakia"]
[Date "2016.11.20"]
[Round "4.1"]
[White "Bango, Dominik"]
[Black "Janas, Peter"]
[Result "1/2-1/2"]
[WhiteElo "1769"]
[BlackElo "1669"]
[PlyCount "75"]
[EventDate "2016.10.09"]
[EventType "team-tourn"]
[EventRounds "11"]
[EventCountry "SVK"]
[SourceTitle "EXT 2020"]
[Source "ChessBase"]
[SourceDate "2019.10.17"]
[SourceVersion "1"]
[SourceVersionDate "2019.10.17"]
[SourceQuality "1"]

1. e4 d6 2. d4 g6 3. Nc3 Bg7 4. Be3 a6 5. Nf3 Nc6 6. Qd2 Bg4 7. Be2 e5 8. dxe5 Bxf3 9. gxf3 dxe5 10. 0-0-0 Qxd2+ 11. Rxd2 Nd4 12. Rhd1 Ne7 13. f4 0-0-0 14. fxe5 Nxe2+ 15. Nxe2 Rxd2 16. Rxd2 Bxe5 17. f4 Bg7 18. Nd4 Rd8 19. c3 c5 20. Nf3 Rxd2 21. Kxd2 b6 22. Ng5 f6 23. Nf3 Kb7 24. Kd3 Kc7 25. Nd2 Nc6 26. Nf1 Bf8 27. Ng3 Bg7 28. h4 Ne7 29. h5 Kd7 30. hxg6 hxg6 31. b4 cxb4 32. Bxb6 bxc3 33. Kxc3 f5+ 34. Bd4 Bxd4+ 35. Kxd4 fxe4 36. Nxe4 Nc6+ 37. Kc4 Ke6 38. Ng3 1/2-1/2

[Event "Banska Stiavnica V4 op"]
[Site "Banska Stiavnica"]
[Date "2016.07.02"]
[Round "1"]
[White "Chmiel, Marcin"]
[Black "Bango, Dominik"]
[Result "1-0"]
[WhiteElo "2171"]
[BlackElo "1779"]
[PlyCount "63"]
[EventDate "2016.07.02"]
[EventType "swiss"]
[EventRounds "9"]
[EventCountry "SVK"]
[SourceTitle "CBM 173 Extra"]
[Source "ChessBase"]
[SourceDate "2016.08.29"]
[SourceVersion "1"]
[SourceVersionDate "2016.08.29"]
[SourceQuality "1"]

1. e4 e5 2. Bc4 Nf6 3. d4 exd4 4. Nf3 Bb4+ 5. c3 dxc3 6. bxc3 Be7 7. e5 0-0 8. exf6 Bxf6 9. 0-0 Nc6 10. Re1 Re8 11. Rxe8+ Qxe8 12. Bg5 Be5 13. Nxe5 Nxe5 14. Bb3 h6 15. Bf4 d6 16. Nd2 Bf5 17. Nc4 Nxc4 18. Bxc4 Qe4 19. Qd4 Re8 20. Be3 Qc6 21. Qd5 Qxd5 22. Bxd5 c6 23. Bb3 a6 24. a4 Be6 25. Bxe6 Rxe6 26. a5 Re7 27. Kf1 d5 28. Ke2 Kf8 29. Kd3 Rd7 30. Bc5+ Ke8 31. Re1+ Kd8 32. Bb6+ 1-0

[Event "SVK-ch U16"]
[Site "Liptovsky Mikulas"]
[Date "2016.04.18"]
[Round "3"]
[White "Bango, Dominik"]
[Black "Ganz, Tomas"]
[Result "1-0"]
[WhiteElo "1732"]
[BlackElo "1335"]
[PlyCount "99"]
[EventDate "2016.04.16"]
[EventType "swiss"]
[EventRounds "9"]
[EventCountry "SVK"]
[SourceTitle "CBM 172 Extra"]
[Source "ChessBase"]
[SourceDate "2016.06.21"]
[SourceVersion "1"]
[SourceVersionDate "2016.06.21"]
[SourceQuality "1"]

1. e4 e5 2. Nf3 Nc6 3. Bb5 d6 4. 0-0 Bg4 5. d3 d5 6. Re1 Bc5 7. h3 Bxf3 8. Qxf3 d4 9. Qg3 Qf6 10. f4 Bd6 11. f5 h6 12. h4 Nge7 13. Rf1 a6 14. Bg5 hxg5 15. hxg5 Nxf5 16. Bxc6+ bxc6 17. Rxf5 Qg6 18. Nd2 0-0-0 19. Raf1 Rdf8 20. Nc4 f6 21. Qf3 Be7 22. gxf6 gxf6 23. Kf2 Qh6 24. Ke2 Qg6 25. Kd1 Qh6 26. Na5 Bb4 27. Nc4 Be7 28. a3 Kb7 29. Na5+ Kb6 30. Nc4+ Kb7 31. Qe2 Rfg8 32. R5f2 Rf8 33. Qd2 Qh5+ 34. Kc1 f5 35. Kb1 f4 36. Na5+ Kb6 37. Nb3 Bd6 38. Qa5+ Ka7 39. c3 Rb8 40. Nc5 Rb6 41. c4 Qg6 42. Nd7 Rh2 43. Nxb6 cxb6 44. Qd2 Be7 45. Rg1 Qg3 46. Qc2 Qe3 47. Rgf1 Qg3 48. Re2 Bg5 49. Rf3 Qg4 50. Ka2 1-0

[Event "SVK-ch U16"]
[Site "Liptovsky Mikulas"]
[Date "2016.04.16"]
[Round "1"]
[White "Bango, Dominik"]
[Black "Pechac, Jergus"]
[Result "0-1"]
[WhiteElo "1732"]
[BlackElo "2496"]
[PlyCount "54"]
[EventDate "2016.04.16"]
[EventType "swiss"]
[EventRounds "9"]
[EventCountry "SVK"]
[SourceTitle "CBM 172 Extra"]
[Source "ChessBase"]
[SourceDate "2016.06.21"]
[SourceVersion "1"]
[SourceVersionDate "2016.06.21"]
[SourceQuality "1"]

1. e4 c5 2. Nf3 Nc6 3. d4 cxd4 4. Nxd4 Nf6 5. Nc3 e5 6. Nb3 Bb4 7. Bd3 d5 8. exd5 Nxd5 9. Bd2 Nxc3 10. bxc3 Be7 11. 0-0 0-0 12. Re1 Be6 13. Qe2 Qc7 14. Rad1 Kh8 15. Kh1 Rad8 16. Bc1 f5 17. f3 a6 18. Bb2 Rf6 19. c4 Rh6 20. h3 Bf6 21. c3 Bh4 22. Rf1 Bg3 23. Bc1 f4 24. Nc5 Bxh3 25. gxh3 Rxh3+ 26. Kg1 Qe7 27. Ne4 Qh4 0-1

[Event "SVK-chT3A2 1516"]
[Site "Slovakia"]
[Date "2016.03.06"]
[Round "9.6"]
[White "Bango, Dominik"]
[Black "Zajicek, Ferdinand"]
[Result "1/2-1/2"]
[WhiteElo "1682"]
[BlackElo "1774"]
[PlyCount "97"]
[EventDate "2015.10.11"]
[EventType "team-tourn"]
[EventRounds "11"]
[EventCountry "SVK"]
[SourceTitle "EXT 2020"]
[Source "ChessBase"]
[SourceDate "2019.10.17"]
[SourceVersion "1"]
[SourceVersionDate "2019.10.17"]
[SourceQuality "1"]
[WhiteTeam "Modranka Komplet"]
[BlackTeam "Gbely Nafta"]
[WhiteTeamCountry "SVK"]
[BlackTeamCountry "SVK"]

1. e4 c5 2. Nf3 Nc6 3. d4 cxd4 4. Nxd4 d6 5. Nc3 g6 6. Be3 Bg7 7. Bc4 Nf6 8. f3 0-0 9. Qd2 Ne5 10. Bb3 Bd7 11. 0-0 Nc6 12. a3 Qc8 13. Kh1 Nxd4 14. Bxd4 Be6 15. Bxe6 Qxe6 16. Rfe1 Qc4 17. Ne2 b6 18. c3 Rac8 19. Rad1 Ne8 20. Bxg7 Nxg7 21. Nd4 Ne6 22. e5 dxe5 23. Rxe5 Nxd4 24. Qxd4 Qxd4 25. Rxd4 Rc7 26. h3 e6 27. Re2 Rfc8 28. Red2 Kg7 29. Kg1 h5 30. Kf2 Kf6 31. Rd7 Rxd7 32. Rxd7 a5 33. Rb7 Rc6 34. a4 e5 35. b4 axb4 36. cxb4 h4 37. g4 hxg3+ 38. Kxg3 Ke6 39. a5 bxa5 40. bxa5 Ra6 41. Rb6+ Rxb6 42. axb6 Kd6 43. Kg4 f6 44. h4 Kc6 45. h5 gxh5+ 46. Kxh5 f5 47. Kg5 e4 48. fxe4 fxe4 49. Kf4 1/2-1/2

[Event "SVK-chT3A2 1516"]
[Site "Slovakia"]
[Date "2016.01.31"]
[Round "7.6"]
[White "Planka, Peter"]
[Black "Bango, Dominik"]
[Result "1-0"]
[WhiteElo "1743"]
[BlackElo "1682"]
[PlyCount "59"]
[EventDate "2015.10.11"]
[EventType "team-tourn"]
[EventRounds "11"]
[EventCountry "SVK"]
[SourceTitle "EXT 2020"]
[Source "ChessBase"]
[SourceDate "2019.10.17"]
[SourceVersion "1"]
[SourceVersionDate "2019.10.17"]
[SourceQuality "1"]
[WhiteTeam "Skalica II"]
[BlackTeam "Modranka Komplet"]
[WhiteTeamCountry "SVK"]
[BlackTeamCountry "SVK"]

1. e4 e5 2. Nf3 Nc6 3. Bb5 Nf6 4. 0-0 d6 5. d4 exd4 6. Nxd4 Bd7 7. Nxc6 Bxc6 8. Bxc6+ bxc6 9. Re1 Be7 10. b3 0-0 11. Bb2 d5 12. e5 Nd7 13. Nd2 Nb6 14. Nf1 Re8 15. Ng3 Bf8 16. Qg4 Qd7 17. Qe2 Rad8 18. Rad1 Qc8 19. Kh1 c5 20. f4 d4 21. c3 Nd5 22. cxd4 Nxf4 23. Qf3 Ng6 24. Rf1 cxd4 25. Qxf7+ Kh8 26. Rxd4 Bc5 27. Rxd8 Qxd8 28. e6 Rg8 29. Nf5 Bf8 30. Nh6 1-0

[Event "EU Union-ch U14"]
[Site "Kouty nad Desnou"]
[Date "2015.08.26"]
[Round "8"]
[White "Brnusak, Andrej"]
[Black "Bango, Dominik"]
[Result "1/2-1/2"]
[WhiteElo "1640"]
[BlackElo "1741"]
[PlyCount "49"]
[EventDate "2015.08.19"]
[EventType "swiss"]
[EventRounds "9"]
[EventCountry "CZE"]
[SourceTitle "EXT 2016"]
[Source "ChessBase"]
[SourceDate "2015.10.08"]
[SourceVersion "1"]
[SourceVersionDate "2015.10.08"]
[SourceQuality "1"]

1. c4 e5 2. Nc3 Nf6 3. g3 d5 4. cxd5 Nxd5 5. Bg2 Nb6 6. Nf3 Nc6 7. 0-0 Be7 8. d3 0-0 9. Qc2 f5 10. Rd1 Nd4 11. Qb1 Bf6 12. e3 Nxf3+ 13. Bxf3 c6 14. Qc2 Qe7 15. d4 e4 16. Bg2 Be6 17. b3 Rad8 18. Bb2 Qf7 19. Qe2 Rfe8 20. Rac1 Qf8 21. Qe1 Rd7 22. Rd2 Red8 23. Rcd1 Be7 24. Qe2 Qf7 25. Bf1 1/2-1/2

[Event "EU Union-ch U14"]
[Site "Kouty nad Desnou"]
[Date "2015.08.24"]
[Round "6"]
[White "Bango, Dominik"]
[Black "Ferkova, Dominika"]
[Result "0-1"]
[WhiteElo "1741"]
[BlackElo "1874"]
[PlyCount "56"]
[EventDate "2015.08.19"]
[EventType "swiss"]
[EventRounds "9"]
[EventCountry "CZE"]
[SourceTitle "EXT 2016"]
[Source "ChessBase"]
[SourceDate "2015.10.08"]
[SourceVersion "1"]
[SourceVersionDate "2015.10.08"]
[SourceQuality "1"]

1. e4 c6 2. d4 d5 3. Nc3 dxe4 4. Nxe4 Bf5 5. Ng3 Bg6 6. Nf3 Nd7 7. h4 h6 8. h5 Bh7 9. Bd3 Bxd3 10. Qxd3 e6 11. Bd2 Be7 12. c4 Ngf6 13. 0-0-0 0-0 14. Kb1 c5 15. d5 Nb6 16. Ne4 exd5 17. Nxf6+ Bxf6 18. cxd5 Na4 19. Bc1 b5 20. g4 c4 21. Qf5 c3 22. Rdg1 cxb2 23. Bd2 Qc8 24. Qd3 Qc4 25. Qf5 Rfd8 26. g5 Rxd5 27. Qxd5 Qxd5 28. gxf6 Qd3# 0-1